| 000 | 00590nam a2200169Ia 4500 | ||
|---|---|---|---|
| 001 | 7537 | ||
| 003 | GE_BSU | ||
| 008 | 181216s||||||||xx |||||||||||||| ||und|| | ||
| 040 | _cGE_BSU | ||
| 245 | _aლიტერატურული პალიტრა.№8.2013 | ||
| 245 | _cპროექტ. ავტ.თამარ მამაცაშვილი,მთ.რედ: ზაალ ჩხეიძე და სხვა. | ||
| 260 | _aთბილისი. | ||
| 260 | _bმედია პალიტრა. | ||
| 260 | _c2013. | ||
| 300 | _a174გვ;29სმ. | ||
| 942 | _cCR | ||
| 999 |
_c40893 _d40893 |
||